| 000 | 00531nam a2200169Ia 4500 | ||
|---|---|---|---|
| 008 | 220216s9999 xx 000 0 und d | ||
| 100 | _aChuoy-Plong P | ||
| 245 | 0 | _aProcessing and reinforcement of starch in natural rubber latex masterbatch | |
| 260 |
_bProceedings of the International Conference on Rubber Technology, Kuala Lumpur, 1993 _c1993 |
||
| 500 | _aSource Year: 1994 | ||
| 650 | _aNatural rubber | ||
| 650 | _aRubber price | ||
| 650 | _aSynthetic rubber | ||
| 700 | _aHepburn C | ||
| 856 | _uirrdb | ||
| 942 | _cJS | ||
| 999 |
_c65763 _d65763 |
||